¡Yo sé mi cuento! /

Guardado en:
Detalles Bibliográficos
Autor principal: Bellizzia Castañeda, Pascual (autor)
Otros autores: Moya Palencia, Mario (prólogo) (prólogo)
Formato: Libro
Idioma:Español
Publicado: Villahermosa, México : Universidad Juárez Autónoma de Tabasco, 1998, c1998
Temas:
Etiquetas: Agrega una etiqueta
Sin etiquetas, Sé el primero en etiquetar este registro!

MARC

LEADER 00000nam^a2200000^a^4500
001 000624578
005 20251124000000.0
009 20260310133959.375
020 |a 968-7991-04-6 
025 |a Donación sin dato, 1 ejemplar 
037 |a Acervo ITESO - Biblioteca 
041 |a ESP 
082 |a 863.  |b BEL 
100 |a Bellizzia Castañeda, Pascual  |e (autor) 
245 1 0 |a ¡Yo sé mi cuento! /  |c P. Bellizzia Castañeda ; pról. de M. Moya Palencia. 
264 4 |a Villahermosa, México :  |b Universidad Juárez Autónoma de Tabasco,  |c 1998, c1998 
300 |a 115 p. 
336 |a texto  |b txt  |2 rdacontenido 
337 |a sin mediación  |b n  |2 rdamedio 
338 |a volumen  |b nc  |2 rdasoporte 
649 |a XX 
650 |a Cuentos Mexicanos 
650 |a Literatura Mexicana -  |y Siglo XX 
700 |a Moya Palencia, Mario  |e (prólogo) 
910 |a Fondo General 
920 |a Impresos - Libros 
930 |a Colección General 
940 |a Literatura 
905 |a 101 
901 |a 624885-10  |b IT1  |c LIT  |i D  |u 20251124 
902 |a https://opac.biblio.iteso.mx/vufind/Record/000624578